All Bundesliga Teams Ever - Statistics

General Stats
  • This quiz has been taken 24 times
  • The average score is 33 of 57
Answer Stats
Answer % Correct
Bayer Leverkusen
96%
Bayern Munich
96%
1. FC Koln
91%
Borussia Dortmund
91%
Hamburger SV
91%
Dynamo Dresden
87%
Hertha BSC
87%
Schalke 04
87%
Union Berlin
87%
VfB Leipzig
87%
Werder Bremen
87%
Borussia Monchengladbach
83%
RB Leipzig
83%
VFB Stuttgart
83%
1860 Munich
78%
1. FC Nurnberg
78%
Hannover 96
78%
Mainz 05
78%
VFL Bochum
78%
VFL Wolfsburg
78%
Eintracht Frankfurt
74%
FC Augsburg
74%
TSG Hoffenheim
74%
1. FC Kaiserslautern
70%
Greuther Furth
65%
Holstein Kiel
65%
FC St Pauli
61%
Hansa Rostock
57%
MSV Duisburg
57%
Rot-Weiss Essen
57%
SC Freiburg
57%
1. FC Heidenheim
52%
1. FC Saarbrucken
52%
Darmstadt 98
52%
FC Ingolstadt
52%
SC Paderborn
52%
Alemmania Aachen
48%
Eintracht Braunschwieg
43%
Energie Cottbus
43%
SSV Ulm 1846
43%
Waldhof Mannheim
43%
Arminia Bielfield
39%
Kickers Offenbach
39%
Tasmania Berlin
39%
KFC Uerdingen
35%
Blau-Weiß 90 Berlin
30%
Preußen Munster
30%
Stuttgarter Kickers
30%
Tennis Borussia Berlin
30%
Wuppertaler SV
30%
Fortuna Koln
26%
Fortuna Dussledorf
22%
FC Homburg
17%
SG Wattenscheid 09
17%
SpVgg unterhaching
13%
Borussia Neunkirchen
9%
Karlshruher SC
0%
No matching quizzes found
Score Distribution
Percent of People with Each Score
Percentile by Number Answered
Your Score History
You have not taken this quiz